000 01143nam a22002651u 4500
001 12546
003 HDC
007 cr bn ---
008 210209p2005 my eng
040 _aHDC
100 _aSahilah Abd. Mutalib,
_eauthor
_912743
245 0 _aTyping of Ralstonia solanacearum isolated from tomato by antibiotic susceptibility, plasmid profiling and PCR-based techniques of RAPD and ERIC /
_cby Sahilah Abd. Mutalib, Tosiah Sadi, Son R., Ooi, W.L., Queen C.Y.K., Jeffrey, L.S.H., Chua S.C. and Mohd. Senawi Mohd. Tamin
260 _aSerdang :
_bMalaysian Agricultural Research and Development Institute (MARDI),
_c2005
300 _a1 page
336 _atext
_2rdacontent
337 _acomputer
_2rdamedia
338 _aonline resource
_2rdacarrier
650 _aAntibiotic susceptibility
_913204
650 _aPlasmid profiles
_913205
650 _aRalstonia solanacearum
_913203
856 _zRequest full-text at [email protected]
942 _2lcc
942 _cAR
942 _kJART 003132
999 _c9869
_d9869